[Event "Bad Woerishofen op"]
[Site "Bad Woerishofen"]
[Date "1997.??.??"]
[Round "7"]
[White "Wells, Peter K"]
[Black "Dautov, Rustem"]
[Result "1/2-1/2"]
[WhiteElo "2495"]
[BlackElo "2590"]

1.d4 Nf6 2.c4 e6 3.Nf3 b6 4.g3 Ba6 5.b3 b5 6.cxb5 Bxb5 7.Bg2 d5 8.O-O Nbd7
9.Ba3 Bxa3 10.Nxa3 Ba6 11.Rc1 Qe7 12.Nb1 Rc8 13.Rc2 Qb4 14.Qe1 Qxe1 15.Rxe1 Ke7
16.Rec1 c6 17.Bf1 Bb7 18.e3 a5 19.Nc3 Nb6 20.Ne2 Nfd7 21.Nf4 Ra8 22.Nd3 Rhc8
23.Nfe5 f6 24.Nxd7 Nxd7 25.Bh3 Kd6 26.Nf4  1/2-1/2

[Event "Bad Zwesten op"]
[Site "Bad Zwesten"]
[Date "1997.??.??"]
[Round "4"]
[White "Rogozenko, Dorin"]
[Black "Dautov, Rustem"]
[Result "1/2-1/2"]
[WhiteElo "2530"]
[BlackElo "2590"]

1.d4 Nf6 2.c4 e6 3.Nf3 b6 4.g3 Ba6 5.Nbd2 c5 6.Bg2 Nc6 7.Qa4 Bb7 8.dxc5 bxc5
9.Ne5 Qa5 10.Bxc6 Qxa4 11.Bxa4 Bxh1 12.f3 Bg2 13.Nb3 Rb8 14.Bd2 Bd6 15.Bc3 O-O
16.Rd1 Bxe5 17.Bxe5 Rb4 18.Bb5 d5 19.Bc3 Rxb5 20.cxb5 Nd7 21.Rc1 Rb8 22.Kf2 Bh3
23.g4 h5 24.Kg3 hxg4 25.fxg4 Bxg4 26.Kxg4 Rxb5 27.e3 f6 28.Kg3 Kf7 29.Rf1 e5
30.Rf2 Ke6 31.h4 Nb6 32.Rg2 Na4 33.Kf3 c4 34.Nc1 Nxc3 35.bxc3 Rb1 36.Ne2 Rf1+
37.Kg4  1/2-1/2

[Event "Badalona op"]
[Site "Badalona"]
[Date "1997.??.??"]
[Round "?"]
[White "Klarenbeek, Hans"]
[Black "Pares Vives, Jose"]
[Result "1-0"]
[WhiteElo "2425"]
[BlackElo "2325"]

1.d4 Nf6 2.c4 e6 3.Nf3 b6 4.g3 Ba6 5.b3 Bb4+ 6.Bd2 Be7 7.Bg2 d5 8.Bc3 O-O
9.O-O Nbd7 10.Nbd2 c5 11.Re1 Rc8 12.Rc1 Re8 13.Bb2 Bf8 14.e4 dxe4 15.Nxe4 Bb7
16.Nfg5 Qc7 17.dxc5 bxc5 18.Nxf6+ Nxf6 19.Qc2 h6 20.Bxb7 Qxb7 21.Bxf6 hxg5
22.Bxg5 f6 23.Be3 a5 24.Rcd1 Ra8 25.Bd2 Qc6 26.a4 Reb8 27.Re3 Rb7 28.Be1 Be7
29.h4 Kf7 30.Qh7 Rd7 31.Rxd7 Qxd7 32.Rd3 Qc6 33.h5 Qb7 34.h6 Bf8 35.hxg7 Bxg7
36.Qh5+  1-0

[Event "Oberliga Bayern9697"]
[Site "Bayern"]
[Date "1997.??.??"]
[Round "?"]
[White "Gruenberg, Hans Ulrich"]
[Black "Arbakov, Valentin"]
[Result "1/2-1/2"]
[WhiteElo "2440"]
[BlackElo "2510"]

1.d4 Nf6 2.Nf3 e6 3.c4 b6 4.g3 Ba6 5.Qa4 Bb7 6.Bg2 c5 7.O-O cxd4 8.Nxd4 Bxg2
9.Kxg2 a6 10.Nc3 Qc7 11.Rd1 Be7 12.Kg1 Qb7 13.Bf4 O-O 14.Rd2 Rc8 15.Rad1 Nc6
16.Nxc6 Qxc6 17.Bd6 Bxd6 18.Rxd6 Qxc4 19.Qxc4 Rxc4 20.Rxb6 d5 21.e3 a5 22.Rd4 Rxd4
23.exd4 g5 24.h3 h5 25.Kg2 Kg7 26.Kf3 h4 27.g4 Nd7 28.Rb5 Nf8 29.Ke3 Ng6
30.Ne2 Ra7 31.Kd3 Ne7 32.f4 Kf6 33.Ke3 Nc8 34.fxg5+ Kxg5 35.Ng1 Nd6 36.Nf3+ Kf6
37.Rb8 Rc7 38.Nxh4 Rc2 39.Nf3 Nc4+ 40.Kf4 Nxb2 41.g5+ Kg7 42.h4 Re2 43.h5 Nd3+
44.Kg3 Nf2 45.h6+ Kh7 46.Rb7 Ne4+ 47.Kf4 Kg8 48.a4 Rf2 49.Ke3 Rg2 50.Kf4 Rf2
51.Ke3 Rg2 52.Kf4 Rf2  1/2-1/2

[Event "Oberliga Bayern9798"]
[Site "Bayern"]
[Date "1997.??.??"]
[Round "?"]
[White "Lang, Zalan Andreas"]
[Black "Dobosz, Henryk"]
[Result "0-1"]
[WhiteElo "2230"]
[BlackElo "2400"]

1.d4 Nf6 2.c4 e6 3.Nf3 b6 4.g3 Ba6 5.Qa4 c5 6.Bg2 Bb7 7.O-O Be7 8.Rd1 O-O
9.Nc3 cxd4 10.Nxd4 Bxg2 11.Kxg2 Qc7 12.Bf4 Qb7+ 13.f3 a6 14.e4 d6 15.Nde2 Rd8
16.Rd2 Nc6 17.Rad1 Ne8 18.b4 Rdc8 19.Rc1 g5 20.Be3 Ne5 21.c5 Nc4 22.Nd1 b5
23.Qc2 Nxd2 24.Qxd2 g4 25.Nf2 gxf3+ 26.Kxf3 a5 27.a3 axb4 28.axb4 Ra3 29.Kg2 dxc5
30.Bxc5 Rca8 31.Kh3 Ra2 32.Qf4 f5 33.exf5 exf5 34.Nd4 Ng7 35.Bxe7 Qxe7 36.Rc7 Qf6
37.Kg2 Rd8 38.Rxg7+ Kxg7 39.Nxf5+ Kh8 40.Kh3 Rf8 41.g4 h5 42.Ne4 hxg4+ 43.Kxg4 Qg6+
44.Qg5 Rg2+ 45.Neg3 Qxg5+ 46.Kxg5 Rxh2 47.Ne4 Rg2+ 48.Kf4 Rb2 49.Ke5 Rxb4
50.Ned6 Rb1 51.Kd4 b4 52.Ne3 Rd8 53.Kc5 Rxd6 54.Kxd6 b3 55.Nc4 b2  0-1

[Event "Oberliga Bayern9697"]
[Site "Bayern"]
[Date "1997.??.??"]
[Round "?"]
[White "Pohl Kuemmel, Jens Uwe"]
[Black "Ploetz, Werner"]
[Result "1/2-1/2"]
[WhiteElo "2260"]
[BlackElo "2265"]

1.d4 Nf6 2.c4 e6 3.Nf3 b6 4.g3 Ba6 5.Qa4 c5 6.Bg2 Bb7 7.dxc5 bxc5 8.O-O Be7
9.Nc3 O-O 10.Rd1 Qb6 11.Qc2 Rd8 12.e4 d6 13.a3 Nc6  1/2-1/2

[Event "Benasque op"]
[Site "Benasque"]
[Date "1997.??.??"]
[Round "4"]
[White "Palacios Perez, Manuel"]
[Black "Arkell, Keith C"]
[Result "0-1"]
[WhiteElo "2190"]
[BlackElo "2545"]

1.d4 e6 2.c4 b6 3.Nf3 Nf6 4.g3 Ba6 5.b3 b5 6.Qc2 bxc4 7.bxc4 Bb7 8.Bg2 c5
9.e3 cxd4 10.exd4 Bb4+ 11.Nbd2 Ne4 12.O-O Nxd2 13.Bxd2 Bxd2 14.Rab1 Bxf3
15.Bxf3 Nc6 16.Qxd2 O-O 17.Rfd1 Rc8 18.Rb7 Na5 19.Rxa7 Nxc4 20.Qb4 d5 21.Be2 Qf6
22.Rb7 g6 23.a4 Rfd8 24.Qe7 Qxe7 25.Rxe7 Nd6 26.a5 Rc2 27.Bd3 Ra2 28.Ra7 Rb8
29.a6 Kg7 30.Rd7 Nf5 31.Rb7 Rc8 32.Bf1 Rcc2 33.a7 Rc3 34.Bb5 Nd6 35.Rb6 Nxb5
36.Rxb5 Rxa7 37.Rb4 Ra2 38.Rf1  0-1

[Event "Berliner Sommer"]
[Site "Berlin"]
[Date "1997.??.??"]
[Round "1"]
[White "Van Vaalen, Remco"]
[Black "Epishin, Vladimir"]
[Result "0-1"]
[WhiteElo "2070"]
[BlackElo "2570"]

1.d4 Nf6 2.c4 e6 3.Nf3 b6 4.g3 Ba6 5.b3 b5 6.cxb5 Bxb5 7.Bg2 d5 8.O-O Nbd7
9.Nc3 Ba6 10.Re1 Be7 11.Bb2 O-O 12.Rc1 Rc8 13.Na4 c5 14.Nxc5 Nxc5 15.dxc5 Bxc5
16.Rxc5 Rxc5 17.Ba3 Qa5 18.Bxc5 Qxc5 19.Qd4 Rc8 20.Qxc5 Rxc5 21.Nd4 e5 22.b4 Rc4
23.b5 Rxd4 24.bxa6 g6 25.Rc1 Ra4 26.Rc6 Kg7 27.Bh3 h5 28.Bc8 Rc4 29.Bb7 Rxc6
30.Bxc6 Kf8 31.f4 e4 32.h3 Ke7 33.Bb7 Kd6 34.Bc8 d4 35.g4 hxg4 36.hxg4 Nd5
37.f5 g5 38.Kf2 Ke5 39.Bb7 Nc3  0-1

[Event "Berliner Sommer"]
[Site "Berlin"]
[Date "1997.??.??"]
[Round "2"]
[White "Mahn, Franko"]
[Black "Eismont, Oleg"]
[Result "0-1"]
[WhiteElo "2200"]
[BlackElo "2455"]

1.d4 Nf6 2.c4 e6 3.Nf3 b6 4.g3 Ba6 5.Qa4 c5 6.Bg2 Bb7 7.O-O cxd4 8.Nxd4 Bxg2
9.Kxg2 Qc8 10.Nc3 Be7 11.e4 O-O 12.f3 d6 13.Be3 a6 14.Rfd1 Qb7 15.Rac1 Rc8
16.Qb3 Nbd7 17.a4 Ne5 18.Nb1 Rc7 19.Nd2 Rac8 20.Ne2 Nfd7 21.h3 Nc5 22.Qa2 h6
23.b3 Bf6 24.Bd4 Ncd3 25.Rc3 Nb4 26.Qb1 Nbc6 27.Bf2 Nd7 28.Rcc1 Nce5 29.Nf1 Be7
30.Bd4 Nc5 31.Be3 b5 32.axb5 axb5 33.cxb5 Qxb5 34.Nd4 Qb4 35.f4 Ned7 36.Nd2 Nf6  0-1

[Event "Berliner Sommer"]
[Site "Berlin"]
[Date "1997.??.??"]
[Round "4"]
[White "Kohler, Thomas"]
[Black "Siegel, Georg"]
[Result "0-1"]
[WhiteElo "2250"]
[BlackElo "2540"]

1.d4 Nf6 2.c4 e6 3.Nf3 b6 4.g3 Ba6 5.Nbd2 Bb7 6.Bg2 c5 7.e4 cxd4 8.Nxd4 d6
9.O-O Nbd7 10.a4 a6 11.a5 bxa5 12.N2b3 a4 13.Rxa4 Rc8 14.Na5 Ba8 15.Re1 Be7
16.Ndc6 Rxc6 17.Nxc6 Bxc6 18.Rxa6 Qc8 19.Rxc6 Qxc6 20.e5 Qxc4 21.exf6 Nxf6
22.Bf1 Qc6 23.b4 O-O 24.b5 Qb7 25.Be3 Nd7 26.Bd4 Rc8 27.Qa1 Bf6 28.Bxf6 Nxf6
29.Qa6 Qb8 30.Rb1 Nd7 31.Bg2 d5 32.Bh3 Nb6 33.Bf1 Qc7 34.Qa3 h6 35.Qe3 Qd6
36.Qb3 Qc5 37.Qa2 d4 38.Bd3 Qc3 39.Qe2 Qc5 40.Qe4 g6 41.Ra1 Nd7 42.Kg2 Nf6
43.Qf4 Kg7 44.Rb1 e5 45.Qf3 Re8 46.Qc6 Qxc6+ 47.bxc6 Rc8 48.Rc1 Ne8 49.Rc5 Kf6
50.f4 exf4 51.gxf4 Nc7 52.Rc4 Ne6 53.Kf3 Rc7 54.Be4 Ra7 55.Bd5 Ra3+ 56.Kf2 Rc3
57.Bxe6 Kxe6 58.Rxd4 Rxc6 59.Rd3 Rd6 60.Re3+ Kf5 61.Kf3 g5 62.fxg5 hxg5 63.h3 Rd4
64.Ra3 Rf4+ 65.Kg3 Kg6 66.Ra6+ f6 67.Ra3 Re4 68.Ra6 Re3+ 69.Kg4 Re1 70.Rb6 Rg1+
71.Kf3 Rf1+ 72.Kg4 Rf4+ 73.Kg3 Re4 74.Ra6 Kf5 75.Ra5+ Re5 76.Ra3 Ke4 77.Kg4 Rd5
78.Ra4+ Ke5 79.Ra3 Rd4+ 80.Kg3 f5 81.Ra5+ Ke4 82.Ra8 Rd3+ 83.Kg2 Rd2+ 84.Kg1 Kf4
85.Ra3 Re2 86.Ra4+ Kg3 87.Ra3+ Kh4  0-1

[Event "Mermaid Beach Club"]
[Site "Bermuda"]
[Date "1997.??.??"]
[Round "8"]
[White "Hellsten, Johan"]
[Black "Hjartarson, Johann"]
[Result "1/2-1/2"]
[WhiteElo "2485"]
[BlackElo "2585"]

1.d4 Nf6 2.c4 e6 3.Nf3 b6 4.g3 Ba6 5.Nbd2 c5 6.Bg2 Nc6 7.dxc5 bxc5 8.O-O Bb7
9.Ng5 d5 10.cxd5 Nxd5 11.Ndf3 Be7 12.Bd2 h6 13.Ne4 O-O 14.Rc1 Qb6 15.Re1 Rfd8
16.Qa4 Nd4 17.Ne5 Qc7 18.Nd3 Nb6 19.Qd1 c4 20.Nf4 e5 21.e3 Nb5 22.Ne2 Rd3
23.Qc2 Rad8 24.Ba5 f5 25.a4 fxe4 26.axb5 Kh8 27.Nc3 Qd7 28.Bxb6 axb6 29.Qa4 Rd2
30.Rcd1 Rf8 31.Rf1 Rxd1 32.Rxd1 Qf5 33.Qa7 Qc8 34.Bxe4 Bxe4 35.Nxe4 Qg4 36.Nc3 Qf3
37.Rf1 Bc5 38.Qa1 Rd8 39.Qc1 Rd3 40.Na4 Qd5 41.Nc3 Qf3 42.Na4 Qd5 43.Nc3  1/2-1/2

[Event "Biel op MTO"]
[Site "Biel"]
[Date "1997.??.??"]
[Round "3"]
[White "Polak, Tomas"]
[Black "Sturua, Zurab"]
[Result "1/2-1/2"]
[WhiteElo "2470"]
[BlackElo "2585"]

1.d4 Nf6 2.c4 e6 3.Nf3 b6 4.g3 Ba6 5.b3 Bb4+ 6.Bd2 Be7 7.Bg2 Bb7 8.Nc3 O-O
9.Qc2 Na6 10.O-O c5 11.Rad1  1/2-1/2

[Event "Biel op MTO"]
[Site "Biel"]
[Date "1997.??.??"]
[Round "4"]
[White "Henrichs, Thomas"]
[Black "Ilijin, Neboisa"]
[Result "1-0"]
[WhiteElo "2415"]
[BlackElo "2310"]

1.d4 Nf6 2.c4 e6 3.Nf3 b6 4.g3 Ba6 5.b3 Bb4+ 6.Bd2 Be7 7.Bg2 c6 8.Bc3 d5
9.Ne5 Nfd7 10.Nxd7 Nxd7 11.Nd2 Bb7 12.O-O O-O 13.e4 dxe4 14.Nxe4 Nf6 15.Qc2 Rc8
16.Rad1 Rc7 17.Rfe1 h6 18.Nd2 Qa8 19.b4 Rd8 20.Nb3 Rcd7 21.a3 Nh7 22.h4 Bf6
23.Be4 Nf8 24.Qe2 g6 25.Bd2 Bg7 26.Bf4 Qc8 27.Qe3 Kh7 28.Rd2 Ba6 29.Rc1 e5
30.Bxe5 Bxe5 31.dxe5 Rxd2 32.Nxd2 Qd7 33.Nf3 Qe6 34.Nd4 Qxe5 35.Nxc6 Qf6
36.Nxd8 Qxd8 37.h5 Bc8 38.hxg6+ fxg6 39.c5  1-0

[Event "Biel op MTO"]
[Site "Biel"]
[Date "1997.??.??"]
[Round "10"]
[White "Polak, Tomas"]
[Black "Sutter, Oliver"]
[Result "1-0"]
[WhiteElo "2470"]
[BlackElo "2355"]

1.d4 Nf6 2.c4 e6 3.Nf3 b6 4.g3 Ba6 5.b3 Bb4+ 6.Bd2 Be7 7.Bg2 c6 8.Bc3 d5
9.Nbd2 Nbd7 10.O-O O-O 11.Rc1 Rc8 12.Rc2 Qc7 13.Re1 Qb8 14.e4 dxe4 15.Nxe4 Nxe4
16.Rxe4 Bb7 17.Re1 Bf6 18.c5 Ba6 19.Rc1 Rfd8 20.Qc2 bxc5 21.dxc5 Qb5 22.Bf1 Qb7
23.Ba5 Re8 24.Bg2 Be7 25.b4 Nf6 26.a3 Nd5 27.Nd2 Nf6 28.Rcd1 Bf8 29.h3 Re7
30.Kh2 Qb8 31.f4 Qb7 32.Nf3 g6 33.Bd8  1-0

[Event "Clarin GP1 Boca Juniors"]
[Site "Boca"]
[Date "1997.??.??"]
[Round "2"]
[White "Cianni, Pablo"]
[Black "Zarnicki, Pablo"]
[Result "0-1"]
[WhiteElo "2310"]
[BlackElo "2560"]

1.d4 Nf6 2.c4 e6 3.Nf3 b6 4.g3 Ba6 5.b3 Bb4+ 6.Bd2 Be7 7.Bg2 c6 8.O-O d5
9.cxd5 cxd5 10.Re1 Nc6 11.a3 O-O 12.Bc3 Ne4 13.Bb2 f5 14.Nbd2 Rc8 15.Rc1 Bd6
16.Ne5 Bxe5 17.dxe5 Nxd2 18.Qxd2 Na5 19.Rxc8 Qxc8 20.b4 Nc4 21.Qd4 Rf7 22.Rc1 Rc7
23.b5 Bb7 24.e3 Rc5 25.a4 a6 26.bxa6 Bxa6 27.Bf1 h6 28.Rb1 Qc6 29.g4 fxg4
30.Bc3 Na3 31.Rb3 Bxf1 32.Kxf1 Rc4 33.Qxb6 Qxb6 34.Rxb6 Rxc3 35.Rxe6 Nc4
36.Re7 Kf8 37.Rd7 Nxe5 38.Rxd5 Nf3 39.a5 Ke7 40.Rb5 Ra3 41.Kg2 Ng5 42.Kg3 Ra4
43.Rb7+ Kf6 44.Rb6+ Kf5 45.Rb5+ Kg6 46.Rb6+ Kh7 47.a6 h5 48.Kh4 Nf3+ 49.Kxh5 g6+
50.Rxg6 Ra5+  0-1

[Event "Budapest FS03 IM-B"]
[Site "Budapest"]
[Date "1997.??.??"]
[Round "1"]
[White "Wiechert, Hans"]
[Black "Jovanovic, Sasa D"]
[Result "1/2-1/2"]
[WhiteElo "2210"]
[BlackElo "2385"]

1.d4 Nf6 2.c4 e6 3.Nf3 b6 4.g3 Ba6 5.Qb3 Bb7 6.Bh3 c5 7.O-O cxd4 8.Nxd4 Bc5
9.Rd1 O-O 10.Nc3 Qc8 11.Be3 Nc6 12.Qc2 Nxd4 13.Bxd4 Qc6 14.e4 Bxd4 15.Rxd4 Qc5
16.Rad1 e5 17.Rd6 Qxc4 18.Bf5 Rac8 19.Rxf6 gxf6 20.Qd2 Kg7 21.Qe3 Rfd8 22.Qf3 Kf8
23.Bxh7 Ke7 24.h4 Rc5 25.g4 Rh8 26.Bf5 d6 27.g5 fxg5 28.hxg5 Rh4 29.Bg4 Rxg4+
30.Qxg4 Qe6 31.Qh4 Qg6 32.Rd3 Rc8 33.Rg3 Rc4 34.f3 b5 35.Nxb5 Rb4 36.Nc3 Rxb2
37.Qh8 Rc2 38.Nb5 Rc8 39.Qf6+ Qxf6 40.gxf6+ Ke6 41.Nxa7 Rc5 42.a4 Ra5 43.Nb5 Rxa4
44.Rg8  1/2-1/2

[Event "Budapest FS05 IM"]
[Site "Budapest"]
[Date "1997.??.??"]
[Round "1"]
[White "Koch, Wolfgang Max"]
[Black "Lauber, Arnd"]
[Result "0-1"]
[WhiteElo "2355"]
[BlackElo "2360"]

1.d4 Nf6 2.Nf3 e6 3.c4 b6 4.g3 Ba6 5.b3 b5 6.cxb5 Bxb5 7.Bg2 d5 8.O-O Nbd7
9.Nc3 Ba6 10.Bb2 Be7 11.Re1 O-O 12.Rc1 c5 13.e4 Nxe4 14.Nxe4 dxe4 15.Rxe4 Bb7
16.Re2 Rc8 17.Ne5 Bxg2 18.Kxg2 cxd4 19.Rxc8 Qxc8 20.Nxd7 Qxd7 21.Qxd4 Qc6+
22.Qe4 Rc8 23.Qxc6 Rxc6 24.Kf1 f6 25.Ke1 Kf7 26.Kd1 e5 27.Bc1 Ke6 28.Be3 a6
29.Rb2 Ba3 30.Rc2 Rxc2 31.Kxc2 Kd5 32.Kc3 Bd6 33.b4 f5 34.f3 e4 35.fxe4+ Kxe4
36.Bd2 h6 37.Kc2 g5 38.Kd1 Kf3 39.h4 f4 40.hxg5 fxg3 41.Bc3 g2 42.Bd4 hxg5  0-1

[Event "Budapest FS02 GM"]
[Site "Budapest"]
[Date "1997.??.??"]
[Round "4"]
[White "Farago, Ivan"]
[Black "Cao Sang"]
[Result "0-1"]
[WhiteElo "2440"]
[BlackElo "2465"]

1.d4 Nf6 2.c4 e6 3.Nf3 b6 4.g3 Ba6 5.b3 d5 6.Bg2 c5 7.O-O Nc6 8.Nc3 Be7 9.cxd5 exd5
10.dxc5 bxc5 11.Nh4 O-O 12.Nf5 Rc8 13.Bh3 d4 14.Na4 Re8 15.Nxe7+ Qxe7 16.Re1 Rcd8
17.Ba3 Nb4 18.Qd2 Ne4 19.Qb2 Nxf2 20.Bg2 Qe3  0-1

[Event "Budapest FS04 GM"]
[Site "Budapest"]
[Date "1997.??.??"]
[Round "4"]
[White "Kahn, Evarth"]
[Black "Cao Sang"]
[Result "1/2-1/2"]
[WhiteElo "2370"]
[BlackElo "2465"]

1.d4 Nf6 2.c4 e6 3.Nf3 b6 4.g3 Ba6 5.b3 d5 6.cxd5 exd5 7.Bg2 Bb4+ 8.Bd2 Bxd2+
9.Qxd2 O-O 10.Nc3 Qe7 11.O-O Rd8 12.Ne5 c5 13.Rfd1 Bb7 14.Qf4 Nbd7 15.Nxd7 Rxd7
16.Rac1 Bc6 17.e3 Rad8 18.Bh3 Rd6 19.dxc5 bxc5 20.b4 Nh5 21.Qg4 Rh6 22.Bg2 Nf6
23.Qf4 cxb4 24.Ne2 Ba4 25.Rd2 a5 26.Nd4 Rg6 27.Nf5 Qf8 28.Rc7 Bd7 29.Bxd5 Bxf5
30.Rxf7 Nxd5 31.Rxf8+ Rxf8 32.Rxd5 Be6 33.Qd4 Rgf6 34.f4 a4 35.Rd8 b3 36.axb3 axb3
37.Rxf8+ Rxf8 38.Qb6 Bf7 39.e4 Rc8 40.e5 Re8 41.Kf2 g6 42.h4 h5 43.Kf3 Be6
44.f5 Bxf5 45.Qxb3+ Be6 46.Qb7 Rf8+ 47.Ke4 Bg4 48.Qe7 Rf1 49.Qc7 Rf8 50.Kd5 Re8
51.Qb6 Bf5 52.Qf6 Rf8 53.Qg5 Kf7 54.Kd6 Re8 55.Qf6+ Kg8 56.Kd5 Rf8 57.Qe7 Rf7
58.Qd8+ Rf8 59.Qb6 Re8 60.Qd6 Kf7 61.Kd4 Be6 62.Ke3 Kg7 63.Qc7+ Bf7 64.Kf4 Re6
65.Qd8 Rc6 66.Kg5 Re6 67.Qd4 Kh7 68.g4 hxg4 69.Kxg4 Kg7 70.Kf4 Kh7 71.Qd8 Kg7
72.Qd7 Ra6 73.Qd4 Re6 74.Qb2 Kh7 75.Qg2 Rb6 76.Kg5 Re6 77.Qg3 Kg7 78.Kf4 Kh7
79.Qg5 Ra6 80.Qd8 Kg7 81.Ke4 Re6 82.Qg5 Kh7 83.Kd4 Rc6 84.Qe7 Kg7 85.Qb7 Re6
86.Ke4 Re8 87.Kf4 Re6 88.Qg2 Kh7 89.Qg5 Ra6 90.Qg2 Re6 91.Qc2 Kg7 92.Qc8 Rb6
93.Qc7 Ra6  1/2-1/2

[Event "Budapest FS02 GM"]
[Site "Budapest"]
[Date "1997.??.??"]
[Round "6"]
[White "Peter, Ambrus"]
[Black "Cao Sang"]
[Result "1/2-1/2"]
[WhiteElo "2455"]
[BlackElo "2465"]

1.d4 Nf6 2.c4 e6 3.Nf3 b6 4.g3 Ba6 5.b3 d5 6.cxd5 exd5 7.Bg2 c5 8.Ne5 Be7
9.O-O O-O 10.Nc3 Bb7 11.Bf4 Na6 12.Qd2 Nc7 13.Rfd1 Re8 14.dxc5 Bxc5 15.Nd3 Bd6
16.Bxd6 Qxd6 17.Nf4 Qe5 18.Rac1 Rad8 19.e3 h6 20.Qd4 Qxd4 21.Rxd4 Ne6 22.Rdd1 Nc7
23.Nce2 Na6 24.Nd4 Re7 25.Bf1 Nc5 26.Nd3 Nxd3 27.Bxd3 g6 28.Rc2 Rc8 29.Rdc1 Rxc2
30.Rxc2 Kf8 31.Kf1 Nd7 32.Ke1 Nc5 33.Kd2 Kg7 34.b4 Ne6 35.Nxe6+ fxe6 36.f4 Kf6
37.Kc3 Rc7+ 38.Kd4 Rxc2 39.Bxc2 g5 40.Bd3 Bc6 41.Ba6 Ba4 42.Bb7 Bc2 43.Ba6 Ba4
44.Be2 Be8 45.Bf3 Ba4 46.fxg5+ hxg5 47.e4 dxe4 48.Kxe4 a5 49.a3 axb4 50.axb4 Bc2+
51.Ke3 Kf5 52.h4 gxh4 53.gxh4 Bb3 54.Be2 Bd5 55.h5 Bb3 56.Bd3+ Kg5 57.Bg6 Bd1
58.Ke4 Kf6 59.Kd4 Bb3 60.Be8 e5+ 61.Ke3 Bc2 62.Bc6 Kg5 63.Bf3 Kh6 64.Be2 Bh7
65.Bd3 Bg8 66.Bg6 Bd5 67.Be8  1/2-1/2

[Event "Goodricke op"]
[Site "Calcutta"]
[Date "1997.??.??"]
[Round "5"]
[White "Lodhi, Mahmood"]
[Black "Kunte, Abhijit"]
[Result "1-0"]
[WhiteElo "2415"]
[BlackElo "2315"]

1.d4 Nf6 2.c4 e6 3.Nf3 b6 4.g3 Ba6 5.Nbd2 c5 6.Bg2 Nc6 7.dxc5 Bxc5 8.O-O O-O
9.a3 Bb7 10.b4 Be7 11.e4 d6 12.Bb2 Qc7 13.Qe2 Nd7 14.Nb3 Nce5 15.Nfd2 Bf6
16.Nd4 a6 17.Rac1 Nc6 18.N2b3 Nxd4 19.Nxd4 Rac8 20.f4 Rfe8 21.Qf2 e5 22.Nf5 Rcd8
23.Rfd1 Be7 24.Nxe7+ Rxe7 25.f5 Nf6 26.Qe2 b5 27.g4 bxc4 28.g5 Qb6+ 29.Kh1 Ne8
30.Rxc4 Qb5 31.Qc2 Qb6 32.Rc3 Red7 33.Qb3 d5 34.exd5 e4 35.Rc5 Rc7 36.Qc3 Rxd5
37.Rdxd5 Bxd5 38.Qe5 Bc6 39.Bxe4 Bxe4+ 40.Qxe4 Kf8 41.Bd4 Re7 42.Qd5 Re1+
43.Kg2 Qd6 44.Qxd6+ Nxd6 45.Ra5 Ke8 46.Bxg7 Kd7 47.Bf6 Re2+ 48.Kg3 Rd2 49.Rxa6 Nxf5+
50.Kg4 Nd6 51.Be5 Nc4 52.Bf4 Rd4 53.Kf5 Ke7 54.Ra7+ Ke8 55.Ra6 Ke7 56.a4 Kd7
57.b5 Rd1 58.Ra7+ Ke8 59.Kg4 Ra1 60.Kh5 Rf1 61.Bg3 Rf5 62.Kh6 Ne3 63.b6 Ng4+
64.Kh5 Nf6+ 65.Kh4  1-0

[Event "Cannes op-B 18th"]
[Site "Cannes"]
[Date "1997.??.??"]
[Round "6"]
[White "Laruelle, Joel"]
[Black "Latzke, Boris Alexander"]
[Result "0-1"]
[WhiteElo "2085"]
[BlackElo "2220"]

1.d4 Nf6 2.c4 e6 3.Nf3 b6 4.g3 Ba6 5.b3 Bb4+ 6.Bd2 Be7 7.Bg2 d5 8.cxd5 exd5
9.O-O O-O 10.Bc3 Re8 11.Ne5 Bd6 12.Nd3 Nbd7 13.Nd2 Ne4 14.Nxe4 dxe4 15.Nb4 Bb7
16.Nc2 Nf6 17.Ne3 Nd5 18.Nxd5 Bxd5 19.Qd2 Qe7 20.Qe3 a5 21.Rfc1 f5 22.Bd2 Qf7
23.Rc2 Re6 24.Qc3 f4 25.Bxf4 Bxf4 26.gxf4 c6 27.e3 Rh6 28.Rf1 Qh5 29.h3 Rf8
30.Qe1 Rg6 31.Kh2 Rxg2+ 32.Kxg2 Qf3+ 33.Kh2 Be6 34.Rh1 Rf6 35.Qf1 Rh6 36.Kg1 Bxh3  0-1

[Event "Cappelle op"]
[Site "Cappelle la Grande"]
[Date "1997.??.??"]
[Round "2"]
[White "Renet, Olivier"]
[Black "Gervais, Claire"]
[Result "1-0"]
[WhiteElo "2505"]
[BlackElo "2255"]

1.Nf3 e6 2.c4 Nf6 3.d4 b6 4.g3 Ba6 5.b3 Bb4+ 6.Bd2 Be7 7.Bg2 c6 8.Bc3 O-O
9.O-O d5 10.Ne5 Nfd7 11.Nxd7 Nxd7 12.Nd2 b5 13.c5 e5 14.dxe5 Bxc5 15.Nf3 Qe7
16.Rc1 Rac8 17.Bh3 d4 18.Bd2 Rcd8 19.Qc2 Bb6 20.Ng5 g6 21.e6 Ne5 22.exf7+ Nxf7
23.Be6 Bc8 24.Qxc6 Bxe6 25.Qxe6 Rfe8 26.Qxe7 Rxe7 27.Nxf7 Rxf7 28.Bb4 Re8
29.Rc2 a5 30.Bd6  1-0

[Event "Cappelle op"]
[Site "Cappelle la Grande"]
[Date "1997.??.??"]
[Round "5"]
[White "Timoshenko, Georgy"]
[Black "Shipov, Sergei"]
[Result "1/2-1/2"]
[WhiteElo "2510"]
[BlackElo "2540"]

1.d4 Nf6 2.c4 e6 3.Nf3 b6 4.g3 Ba6 5.b3 Bb4+ 6.Bd2 Be7 7.Bg2 d5 8.cxd5 exd5
9.O-O O-O 10.Nc3 Bb7 11.Qc2 Na6 12.Ne5 c6 13.a3 c5 14.e3 Nc7 15.Qb2 Ne6 16.dxc5 bxc5
17.Rfd1 Qc7 18.Nf3 Rab8 19.Ne2 Ba6 20.Bc3 Bxe2 21.Qxe2 Rxb3 22.Qc2 c4 23.a4 Rd8
24.Bh3 Ne4 25.Be5 Qb7 26.a5 Bf6 27.Bxf6 Nxf6 28.Qf5 Qc7 29.Ne5 Nf8 30.Bg2 Rb5
31.g4 Ng6 32.Nf3 Rxa5 33.g5 Rxa1 34.Rxa1 Ne8 35.h4 Ne7 36.Qg4 Qd7 37.Qf4 Nc6
38.Nd4 Ne7 39.h5 Rc8 40.Bf3 Qc7 41.Qg4 c3 42.Bd1 Nd6 43.Bc2 Ne4 44.Kg2 Rb8
45.Bxe4 dxe4 46.Qxe4 Qc5 47.f4 Qc7 48.h6 Qd7 49.Qe5 Qd5+ 50.Qxd5 Nxd5 51.Kf3 gxh6
52.gxh6 Nb4 53.Rxa7 Rc8 54.Ne2 c2 55.Nc1 Kf8 56.Ke2 Rd8 57.Ra4 Nd5 58.Rd4 Nc3+
59.Kd3 Rxd4+ 60.Kxd4 Nd1 61.e4 Ke7 62.Kd3 Nf2+ 63.Ke3 Ng4+ 64.Kd2 Nf6 65.Kd3 Nh5
66.Ke3 Kf6 67.Nd3 Kg6 68.Kd2 Ng3 69.Ne5+ Kf6 70.Ng4+ Kg6  1/2-1/2

[Event "Cappelle op"]
[Site "Cappelle la Grande"]
[Date "1997.??.??"]
[Round "6"]
[White "Epishin, Vladimir"]
[Black "Bagaturov, Giorgi"]
[Result "1/2-1/2"]
[WhiteElo "2600"]
[BlackElo "2475"]

1.d4 Nf6 2.c4 e6 3.Nf3 b6 4.g3 Ba6 5.b3 Bb4+ 6.Bd2 Be7 7.Bg2 c6 8.Bc3 d5
9.Ne5 Nfd7 10.Nxd7 Nxd7 11.Nd2 O-O 12.O-O Rc8 13.e4 c5 14.exd5 exd5 15.dxc5 dxc4
16.c6 cxb3 17.Re1 b2 18.Bxb2 Nc5 19.Nc4 Bf6 20.Bxf6 Qxf6 21.Ne5 Rfd8 22.Nd7 Qf5
23.Re5 Qxe5 24.Nxe5 Rxd1+ 25.Rxd1 Kf8 26.Nd7+ Ke8 27.Nxc5 bxc5 28.Bh3 Rc7
29.Re1+ Kf8 30.Re5 c4 31.Bd7 f6 32.Ra5 Bc8 33.Bxc8 Rxc8 34.Rc5 Ke7 35.Rxc4 a6
36.h4 Kd6 37.h5 Rxc6 38.Rg4 Rc7 39.Kg2 Ke6 40.Ra4 Rc6 41.Re4+  1/2-1/2

[Event "Cappelle op"]
[Site "Cappelle la Grande"]
[Date "1997.??.??"]
[Round "7"]
[White "Burmakin, Vladimir"]
[Black "Shipov, Sergei"]
[Result "1/2-1/2"]
[WhiteElo "2530"]
[BlackElo "2540"]

1.d4 Nf6 2.Nf3 e6 3.c4 b6 4.g3 Ba6 5.b3 Bb4+ 6.Bd2 Be7 7.Bg2 Bb7 8.O-O O-O
9.Nc3 d5 10.cxd5 exd5 11.Qc2 Na6 12.Rfd1 Qc8 13.Nh4 Re8 14.Nf5 Bf8 15.a3 c5
16.dxc5 Nxc5 17.Nd4 Ne6 18.Nxe6 fxe6 19.Qd3 Qd7 20.Bg5  1/2-1/2

[Event "Kettler Cup rap"]
[Site "Ceska Trebova"]
[Date "1997.??.??"]
[Round "4"]
[White "Ftacnik, Lubomir"]
[Black "Kavalek, Lubomir"]
[Result "1/2-1/2"]
[WhiteElo "2595"]
[BlackElo "2525"]

1.d4 Nf6 2.Nf3 e6 3.c4 b6 4.g3 Ba6 5.Nbd2 d5 6.cxd5 Nxd5 7.Bg2 Be7 8.O-O O-O
9.Ne5 c5 10.dxc5 bxc5 11.Ne4 Qc7 12.Nd3 Rd8 13.Bd2 c4 14.Nf4 Nb6 15.Qc1 Nc6
16.Bc3 e5 17.Nh3 Nd4 18.Re1 Rac8 19.e3 Ne6 20.f4 exf4 21.gxf4 Nd5 22.Qc2 Nxc3
23.Nxc3 Bb7 24.Rad1 Nc5 25.Nd5 Bxd5 26.Rxd5 Nd3 27.Rxd8+ Rxd8 28.Re2 Bf6
29.Nf2 Nxf2 30.Rxf2 Qc5 31.Re2 Rd3 32.Qc1 g6 33.Be4 Rd8 34.Kg2 Kg7 35.Bf3 Qb4
36.Rc2 Rc8 37.Be2 c3 38.bxc3 Rxc3  1/2-1/2

[Event "Cherepovets"]
[Site "Cherepovets"]
[Date "1997.??.??"]
[Round "10"]
[White "Bratchenko, Alexander"]
[Black "Shipov, Sergei"]
[Result "0-1"]
[WhiteElo "2390"]
[BlackElo "2540"]

1.d4 Nf6 2.c4 e6 3.Nf3 b6 4.g3 Ba6 5.b3 d5 6.cxd5 exd5 7.Bg2 Bb4+ 8.Bd2 Bd6
9.Nc3 O-O 10.O-O Re8 11.Re1 Bb7 12.Nb5 Bf8 13.Bf4 Na6 14.Ne5 c6 15.Nc3 Nc7
16.a3 c5 17.dxc5 bxc5 18.Nd3 Ne6 19.Bd2 Rb8 20.Na4 d4 21.Bxb7 Rxb7 22.Qc2 Qd5
23.Rab1 h5 24.Nf4 Nxf4 25.Bxf4 h4 26.gxh4 Nh5 27.Bg3 f5 28.e3 f4 29.Bxf4 Nxf4
30.exf4 Rxe1+ 31.Rxe1 Qxb3 32.Qxb3+ Rxb3 33.Rc1 Rxa3 34.Nxc5 Rc3  0-1

[Event "CZE-chT1c 9697"]
[Site "CZE"]
[Date "1997.??.??"]
[Round "?"]
[White "Pinc, Miroslav"]
[Black "Vejmelek, Milan"]
[Result "1-0"]
[WhiteElo "2175"]
[BlackElo "2100"]

1.d4 Nf6 2.c4 e6 3.Nf3 b6 4.g3 Ba6 5.Qc2 Bb7 6.Bg2 c5 7.O-O cxd4 8.Nxd4 Bxg2
9.Kxg2 Qc8 10.Bf4 a6 11.Nd2 Nc6 12.N4f3 Be7 13.Rfc1 O-O 14.Kg1 Qb7 15.a3 Rfd8
16.b4 d6 17.h3 Rac8 18.e4 b5 19.cxb5 axb5 20.Qb3 Na7 21.Be3 Nc6 22.Rc2 Rc7
23.Rac1 Rdc8 24.a4 bxa4 25.Qxa4 Nb8 26.Rxc7 Rxc7 27.Rxc7 Qxc7 28.b5 Nfd7
29.Qa7 Bd8 30.Qxc7 Bxc7 31.Kf1 Kf8 32.Ke2 Bb6 33.Nc4 Bxe3 34.Kxe3 Ke7 35.Kd4 e5+
36.Kc3 Nc5 37.Nfd2 Kd7 38.f3 Kc7 39.Kb4 Nbd7 40.Ka5 Nb7+ 41.Kb4 f6 42.Ne3 Nb6
43.Ndc4 Nxc4 44.Kxc4 Kd7 45.Kd5 Nc5 46.Nf5 Ne6 47.b6 g6 48.Nxd6 Nd8 49.b7 Kc7
50.Ne8+ Kxb7 51.Nxf6  1-0

[Event "MSS-ch"]
[Site "CZE"]
[Date "1997.??.??"]
[Round "?"]
[White "Petrzela, P."]
[Black "Harasimovic, P."]
[Result "0-1"]
[WhiteElo "1880"]
[BlackElo "1740"]

1.d4 Nf6 2.c4 e6 3.Nf3 b6 4.g3 Ba6 5.Qc2 Bb4+ 6.Bd2 Be7 7.Bg2 d5 8.Ne5 c6
9.O-O Bb7 10.Rd1 Nbd7 11.Nc3 O-O 12.e4 Rc8 13.Bg5 h6 14.Bxf6 Nxf6 15.Qe2 Ba8
16.Rac1 Re8 17.Rc2 Bf8 18.h4 Bb4 19.a3 Bxc3 20.Rxc3 dxe4 21.Bxe4 Nxe4 22.Qxe4 c5
23.Qe3 f6 24.Ng6 cxd4 25.Rxd4 Qc7 26.Rcd3 Rcd8 27.f3 Rxd4 28.Rxd4 Qxg3+  0-1